MIS 2006 14.-2. ledna 2006, Josefův Důl : Sborní semináře
Salvato in:
| Natura: | Libro |
|---|---|
| Lingua: | slovacco ceco |
| Pubblicazione: |
Praha :
Matfyzpress,
2006
|
| Tags: |
Nessun Tag, puoi essere il primo ad aggiungerne!!
|
MARC
| LEADER | 00000nam a22000003a 4500 | ||
|---|---|---|---|
| 001 | stu286178 | ||
| 005 | 20150408183142.2 | ||
| 008 | 140314s--------xr------------------slo-d | ||
| 020 | |a 80-7378-000-3 | ||
| 040 | |a STU |b slo | ||
| 041 | 0 | |a slo |a cze | |
| 044 | |a xr | ||
| 245 | |a MIS 2006 14.-2. ledna 2006, Josefův Důl : |b Sborní semináře | ||
| 260 | |a Praha : |b Matfyzpress, |c 2006 | ||
| 300 | |a 84 s | ||
| 996 | |c I*Z9987 |l I |s A |a 24 |w stu286178_0001 | ||